000 00247nam a2200097Ia 4500
005 20251222114354.0
008 251222s1900||||xx |||||||||||||| ||spa||
082 _aDVD0093/U61/2003
245 0 _aGuerra en Irak: Un problema de educación:
942 _cDVD
999 _c1371
_d1371